000 00770cam a2200217 4500
001 WB3621-11
008 000000n2000 000 0 eng u
035 _a(Sirsi) u106213
245 _aHouse sales to hit 1.5m
260 _c2000
490 _aNational Association of Estate Agents News Release
_v 26 May 2000, (3)
520 _aA report by the NAEA states that housing transactions are set to finish above the 1.5 million mark this year. The strong market looks set to continue although with a lower rate of growth.
590 _aWB
650 _aSTATISTICS
650 _aHOUSE SALES
650 _aHOUSING MARKET
650 _aNAEA
650 _aPROPERTY TRANSACTIONS
690 _aPROPERTY-RESIDENTIAL PROPERTY-RESIDENTIAL PROPERTY MARKET
942 _n0
999 _c63625
_d63625